| 000 | 00995nac a22002291u 4500 | ||
|---|---|---|---|
| 008 | 090625t1999 ny |||||r|||| 001 0 eng d | ||
| 010 | _a98016859 | ||
| 020 | _a0070051550 (acid-free paper) | ||
| 020 | _a9780070051553 | ||
| 082 | 0 | 0 |
_a693.892 _bBEA _222 |
| 100 |
_aBeall, Christine. _96995 |
||
| 245 | 1 | 0 |
_aThermal and moisture protection manual : _bfor architects, engineers, and contractors / _cChristine Beall. |
| 260 |
_aNew York : _bMcGraw-Hill, _cc1999. |
||
| 300 |
_axiii, 503 p. : _bill. ; _c25 cm. |
||
| 504 | _aIncludes bibliographical references (p. 497-500) and index. | ||
| 650 | 0 |
_aWaterproofing. _96996 |
|
| 650 | 0 |
_aInsulation (Heat) _96997 |
|
| 856 | 4 | 2 |
_3Publisher description _uhttp://www.loc.gov/catdir/description/mh023/98016859.html |
| 856 | 4 | 2 |
_3Table of contents _uhttp://www.loc.gov/catdir/toc/mh022/98016859.html |
| 856 | 4 | 2 |
_3Contributor biographical information _uhttp://www.loc.gov/catdir/enhancements/fy0705/98016859-b.html |
| 942 |
_cBB _k693.892BEA _2ddc |
||
| 999 |
_c1946 _d1946 |
||